[Event "Panevezys op-B"]
[Site "Panevezys"]
[Date "2010.08.22"]
[Round "7"]
[White "Monstavicius, Algimantas"]
[Black "Narusevicius, Lukas"]
[Result "0-1"]
[WhiteElo "1795"]
[BlackElo "1690"]
[PlyCount "65"]
[EventDate "2010.08.18"]
[EventType "swiss"]
[EventRounds "7"]
[EventCountry "LTU"]
[SourceTitle "CBM 138 Extra"]
[Source "ChessBase"]
[SourceDate "2010.10.29"]
[SourceVersion "1"]
[SourceVersionDate "2010.10.29"]
[SourceQuality "1"]

1. e4 c5 2. Nf3 d6 3. d4 cxd4 4. Nxd4 Nf6 5. Nc3 e6 6. Be2 a6 7. 0-0 Be7 8. Be3 0-0 9. f4 b5 10. a3 Bb7 11. Bf3 Nbd7 12. Nde2 Nb6 13. b3 Qc7 14. Qe1 Rac8 15. Ra2 Rfe8 16. Qf2 Nfd7 17. Kh1 Nc5 18. Ng3 Red8 19. Nce2 d5 20. e5 Nbd7 21. Nh5 Ne4 22. Bxe4 dxe4 23. f5 exf5 24. Qxf5 f6 25. exf6 Bxf6 26. Nd4 Qe5 27. Qg4 Bd5 28. Rf5 Be6 29. Nxe6 Qxe6 30. Bg5 g6 31. Nxf6+ Nxf6 32. Bxf6 Qxf6 33. h3 0-1

[Event "Panevezys-ch B"]
[Site "Panevezys"]
[Date "2007.04.22"]
[Round "12.1"]
[White "Monstavicius, Algimantas"]
[Black "Savickas, Petras"]
[Result "1-0"]
[WhiteElo "1814"]
[BlackElo "1730"]
[PlyCount "73"]
[EventDate "2007.02.04"]
[EventType "tourn"]
[EventRounds "13"]
[EventCountry "LTU"]
[SourceTitle "EXT 2024"]
[Source "ChessBase"]
[SourceDate "2023.10.10"]
[SourceVersion "1"]
[SourceVersionDate "2023.10.10"]
[SourceQuality "1"]

1. e4 c5 2. Nf3 Nc6 3. d4 cxd4 4. Nxd4 Nxd4 5. Qxd4 Qc7 6. Nc3 a6 7. Be2 e6 8. 0-0 Qc5 9. Qd3 b5 10. Be3 Qc7 11. a3 Bc5 12. Rad1 Ne7 13. Bf3 Ng6 14. Be2 0-0 15. f4 Bxe3+ 16. Qxe3 Bb7 17. f5 Ne5 18. f6 gxf6 19. Rxf6 Ng6 20. Qh6 Qe5 21. Rf3 Bc6 22. Rh3 Qg7 23. Qe3 f5 24. exf5 Rxf5 25. Bd3 Rf6 26. Rg3 Raf8 27. Ne4 Rf4 28. b3 Kh8 29. Nc5 Qf6 30. Nxa6 e5 31. Nb4 e4 32. Be2 Ba8 33. h3 d5 34. Nxd5 Bxd5 35. Rxd5 Rf2 36. Qxe4 Rf4 37. Qd3 1-0

[Event "Panevezys-ch B"]
[Site "Panevezys"]
[Date "2007.04.01"]
[Round "10.1"]
[White "Monstavicius, Algimantas"]
[Black "Valiuska, Stasys"]
[Result "1-0"]
[WhiteElo "1814"]
[BlackElo "1690"]
[PlyCount "51"]
[EventDate "2007.02.04"]
[EventType "tourn"]
[EventRounds "13"]
[EventCountry "LTU"]
[SourceTitle "EXT 2024"]
[Source "ChessBase"]
[SourceDate "2023.10.10"]
[SourceVersion "1"]
[SourceVersionDate "2023.10.10"]
[SourceQuality "1"]

1. e4 e5 2. Nf3 Nf6 3. Nxe5 Qe7 4. Nf3 Nxe4 5. Be2 d5 6. 0-0 Be6 7. d4 Qf6 8. c3 Be7 9. Nbd2 Qg6 10. Ne5 Qf6 11. Nxe4 dxe4 12. f3 Bd6 13. fxe4 Qe7 14. Nxf7 Bxf7 15. e5 Bxe5 16. dxe5 Qxe5 17. Bf3 Qc5+ 18. Kh1 Nc6 19. Re1+ Kf8 20. Be3 Qd6 21. Qc2 Be6 22. Qf2 Kg8 23. Bc5 Qd7 24. Rad1 Qf7 25. Rxe6 Qf5 26. Bd5 1-0

[Event "Panevezys-ch B"]
[Site "Panevezys"]
[Date "2007.02.04"]
[Round "1.1"]
[White "Dapkuviene, Lina"]
[Black "Monstavicius, Algimantas"]
[Result "0-1"]
[WhiteElo "1841"]
[BlackElo "1814"]
[PlyCount "112"]
[EventDate "2007.02.04"]
[EventType "tourn"]
[EventRounds "13"]
[EventCountry "LTU"]
[SourceTitle "EXT 2024"]
[Source "ChessBase"]
[SourceDate "2023.10.10"]
[SourceVersion "1"]
[SourceVersionDate "2023.10.10"]
[SourceQuality "1"]

1. Nf3 Nc6 2. g3 d5 3. Bg2 e6 4. 0-0 Nf6 5. d3 Be7 6. Nbd2 0-0 7. a3 b6 8. b4 a6 9. Bb2 Bb7 10. Rc1 Rb8 11. Nb3 Re8 12. Qd2 Qd7 13. Qg5 h6 14. Qd2 Ng4 15. h3 Nf6 16. g4 Qd6 17. g5 hxg5 18. Qxg5 e5 19. Bxe5 Nxe5 20. Nxe5 Nd7 21. Nxf7 Bxg5 22. Nxd6 cxd6 23. f4 Bf6 24. Bf3 Bb2 25. Rb1 Bxa3 26. Nd4 a5 27. bxa5 Bc5 28. c3 bxa5 29. Kh2 Nf6 30. Nf5 Be3 31. Kg3 Bc5 32. d4 Ba7 33. Nxd6 Re7 34. Rb5 Rd7 35. Nxb7 Rbxb7 36. Rxa5 Kf7 37. Rfa1 Bb8 38. Rc5 Ne4+ 39. Bxe4 dxe4 40. Kf2 Rb6 41. Ke3 Re7 42. c4 Rb3+ 43. Kf2 Rxh3 44. f5 e3+ 45. Kg2 Rh2+ 46. Kf3 Rf2+ 47. Kg4 Rxe2 48. Rb5 Bc7 49. c5 Rd2 50. Rb4 e2 51. Re1 Rd1 52. Rb1 Rxb1 53. Rxb1 e1Q 54. Rxe1 Rxe1 55. d5 Rd1 56. d6 Bxd6 0-1